Proceedings of the 8th international conference on foundations of computer-aided process design (Record no. 83292)

MARC details
000 -LEADER
fixed length control field 00905 a2200265 4500
003 - CONTROL NUMBER IDENTIFIER
control field CBULib
005 - DATE AND TIME OF LATEST TRANSACTION
control field 20231122133752.0
008 - FIXED-LENGTH DATA ELEMENTS--GENERAL INFORMATION
fixed length control field 231122b |||||||| |||| 00| 0 eng d
020 ## - INTERNATIONAL STANDARD BOOK NUMBER
International Standard Book Number 9780444634337
040 ## - CATALOGING SOURCE
Language of cataloging English
Transcribing agency CBULib
Description conventions rda
041 ## - LANGUAGE CODE
Language code of text/sound track or separate title eng
050 ## - LIBRARY OF CONGRESS CALL NUMBER
Classification number TA 168 Pro
100 ## - MAIN ENTRY--PERSONAL NAME
Personal name Eden, Mario R.
245 ## - TITLE STATEMENT
Title Proceedings of the 8th international conference on foundations of computer-aided process design
Statement of responsibility, etc / edited by Mario R. Eden; John D.Siirola and Gavin P. Towler
260 ## - PUBLICATION, DISTRIBUTION, ETC. (IMPRINT)
Name of publisher, distributor, etc Elsevier,
Date of publication, distribution, etc 2014
Place of publication, distribution, etc Oxford :
300 ## - PHYSICAL DESCRIPTION
Extent xvii, 816 pages : illustrations
336 ## - CONTENT TYPE
Source rdacontent
Content type term Text |
Content type code txt
337 ## - MEDIA TYPE
Source rdamedia
Media type term Unmediated |
Media type code n
338 ## - CARRIER TYPE
Source rdacarrier
Carrier type term Volume
Carrier type code nc
650 #0 - SUBJECT ADDED ENTRY--TOPICAL TERM
9 (RLIN) 1108
Topical term or geographic name as entry element COMPUTER - AIDED ENGINEERING
650 #0 - SUBJECT ADDED ENTRY--TOPICAL TERM
9 (RLIN) 1109
Topical term or geographic name as entry element CHEMICAL ENGINEERING -- DATA PROCESSING
700 ## - ADDED ENTRY--PERSONAL NAME
9 (RLIN) 1110
Personal name Siirola, John D.
700 ## - ADDED ENTRY--PERSONAL NAME
9 (RLIN) 1111
Personal name Towler, Gavin P.
942 ## - ADDED ENTRY ELEMENTS (KOHA)
Source of classification or shelving scheme
Koha item type MONOGRAPH
Holdings
Withdrawn status Lost status Source of classification or shelving scheme Damaged status Not for loan Collection code Permanent Location Current Location Shelving location Date acquired Source of acquisition Cost, normal purchase price Total Checkouts Full call number Barcode Date last seen Copy number Price effective from Koha item type
          CBU-Lusaka Campus CBU- LUSAKA CAMPUS CBU- LUSAKA CAMPUS General Stacks 11/22/2023 DON-BOOKAID 48.25   TA 168 Pro 752570 11/22/2023 3 11/22/2023 MONOGRAPH
          Main Library Open Access Collection CBU-MAIN LIBRARY, KITWE. CBU-MAIN LIBRARY, KITWE. General Stacks 11/22/2023 DON-BOOKAID 48.25   TA 168 Pro 752569 11/22/2023 1 11/22/2023 MONOGRAPH
          Main Library Open Access Collection CBU-MAIN LIBRARY, KITWE. CBU-MAIN LIBRARY, KITWE. General Stacks 11/22/2023 DON-BOOKAID 48.25   TA 168 Pro 752571 11/22/2023 2 11/22/2023 MONOGRAPH